Uplatnenie exaktných metód v rozhodovacích procesoch v podmienkach priemyselných podnikov na Slovensku
Prezentácia aplikácie a využitie exaktných metód, konkrétne metódy Analytický hierarchický proces v rozhodovacích procesoch v oblasti riadenia ľudských zdrojoch vo vybraných priemyselných podnikoch.
Gespeichert in:
| 1. Verfasser: | |
|---|---|
| Weitere Verfasser: | |
| Format: | Buchkapitel |
| Sprache: | Slowakisch |
| Schlagworte: | |
| Tags: |
Keine Tags, Fügen Sie das erste Tag hinzu!
|
MARC
| LEADER | 00000naa a2200000 4500 | ||
|---|---|---|---|
| 001 | 0250401 | ||
| 005 | 20221104111519.8 | ||
| 041 | 0 | |a slo | |
| 044 | |a SK | ||
| 245 | 1 | 0 | |a Uplatnenie exaktných metód v rozhodovacích procesoch v podmienkach priemyselných podnikov na Slovensku |c Lukáš Jurík, Natália Horňáková |
| 520 | |a Prezentácia aplikácie a využitie exaktných metód, konkrétne metódy Analytický hierarchický proces v rozhodovacích procesoch v oblasti riadenia ľudských zdrojoch vo vybraných priemyselných podnikoch. | ||
| 610 | 2 | 0 | |a procesy rozhodovacie |
| 610 | 2 | 0 | |a riadenie ľudských zdrojov |
| 610 | 2 | 0 | |a manažéri |
| 610 | 2 | 0 | |a podnik priemyselný |
| 610 | 2 | 0 | |a rozhodovanie manažérske |
| 610 | 2 | 0 | |a rozhodovanie strategické |
| 100 | 1 | |a Jurík, Lukáš | |
| 700 | 1 | |a Horňáková, Natália | |